QUEST Central Library Banner

Safety Al Work (Record no. 67084)

MARC details
000 -LEADER
fixed length control field 00245nam a22001217a 4500
082 ## - DEWEY DECIMAL CLASSIFICATION NUMBER
Classification number JOH
100 ## - MAIN ENTRY--AUTHOR NAME
Personal name John,Ridley
245 ## - TITLE STATEMENT
Title Safety Al Work
250 ## - EDITION STATEMENT
Edition statement 7th Edition
260 ## - PUBLICATION, DISTRIBUTION, ETC. (IMPRINT)
Place of publication New York
Name of publisher Elserire
Year of publication 2008
300 ## - PHYSICAL DESCRIPTION
Number of Pages 1030p
942 ## - ADDED ENTRY ELEMENTS (KOHA)
Koha item type Books
Holdings
Withdrawn status Lost status Home library Current library Date acquired Full call number Accession Number Koha item type
    Central Library, QUEST, Nawabshah Central Library, QUEST, Nawabshah 30/07/2021 JOH D1994 Books

Copyright © 2018,The QUEST, Nawabshah, Shaheed Benazirabad. All rights reserved
Mr. G. Farooq Channar (Librarian) QUEST, Nawabshah, Sindh, Pakistan 67480.
 Ph#: |   0244-9370381-4 Ext. 2308   Email| lib@quest.edu.pk   Web|  http://www.quest.edu.pk